00533nam a22001697a 450000500170000001000150001702000260003203500140005803700130007208200150008510000220010024500660012226000350018827000700022330000200029350000500031320151001110610.0 aENG-113769 a978938334216c1100.00 aEN- 97301 bDBAD/PUB a331.412791 aDevi Laishram, R. aGender, migration and domestic service /cby R. Devi Laishram aDelhibA.K. Publicationsc2014 aB-61./E-1, Gali No.14, Jagat Puri Extn. Shahdara bDelhi e110093 a277p.c23cm(Hb) aIncludes bibliographical references and index